000 00872nam a2200253 a 4500
001 63019
003 BD-RjUL
005 20211209081142.0
008 170128s1962 enk b 001 0 eng d
035 _a(BD-RjUL)63147
040 _aDLC
_cWSU
_dOCL
_dBD-RjUL
_beng
041 _aeng
082 _223
_a843.91082
_bNOV 1962
099 _a*ML G - 7W&HY& - G2
245 1 4 _aThe novelist as philosopher :
_bstudies in French fiction, 1935-1960 /
_cby John Cruickshank ... [et al.] ; edited by John Cruickshank.
260 _aLondon :
_bOxford University Press,
_c1962.
300 _a257 p. ;
_c23 cm.
504 _aIncludes bibliographies and index
650 0 _aAuthors, French.
_9187473
650 0 _aFrench fiction
_y20th century
_xHistory and criticism.
_9187474
650 0 _aPhilosophy in literature.
_9185262
700 1 _aCruickshank, John.
_9187475
942 _2ddc
_cBK
999 _c63019
_d63019